| 000 | 00829nam a2200265 i 4500 | ||
|---|---|---|---|
| 001 | 75216 | ||
| 003 | ES-MaACL | ||
| 005 | 20250828090937.0 | ||
| 007 | t| | ||
| 008 | 040923s1946 sp ||||1| spa d | ||
| 080 | _a248.143 | ||
| 080 | _a242:232 | ||
| 100 | 1 |
_aGraef, Richard. _959496 |
|
| 245 | 1 | 0 |
_aSeñor, enséñanos a orar / _cP. Ricardo Gräf ; [traducido del original alemán por Antonio Sancho]. |
| 260 |
_aMadrid : _bSociedad de Educación Atenas, _c[1946] ( _fBenzal) |
||
| 300 |
_a229 p. ; _c20 cm. |
||
| 490 | 1 |
_aAscesis ; _v7 |
|
| 600 | 0 | 4 |
_aJesucristo. _966361 |
| 650 | 4 |
_aOración. _915729 |
|
| 700 | 1 |
_aSancho Nebot, Antonio, _d1884-1961 _9103048 |
|
| 710 | 2 |
_aSociedad de Educación Atenas _96665 |
|
| 830 | 1 |
_aAscesis ; _v7 _9182283 |
|
| 852 |
_aES-MaACL _jB-10571 |
||
| 999 |
_c75216 _d75216 |
||